000 00422nam a2200145Ia 4500
008 231129s2014||||xx |||||||||||||| ||spa||
020 _a978-958-58214-3-9
040 _bspa
082 _a780.9861 B891m
100 _aBrugés Carmona Antonio
245 0 _aMacondo Visionado: música costeña
260 _c2014
264 _aBarranquilla Colombia : La Iguana ciega
942 _2ddc
_cBKS
999 _c20199
_d20199